logo

Bir Sreshtho Munshi Abdur Rouf Library
Jhenaidah Cadet College

গুরফাতাম মিন হায়াত / (Record no. 11818)

MARC details
000 -LEADER
fixed length control field 00833nam a2200229 a 4500
001 - CONTROL NUMBER
JCCL Control Number 11818
003 - CONTROL NUMBER IDENTIFIER
JCCL marc code BD-JhCC
005 - DATE AND TIME OF LATEST TRANSACTION
control field 20201105091220.0
008 - FIXED-LENGTH DATA ELEMENTS--GENERAL INFORMATION
fixed length control field 201105b2016 bg |||| ||a| 000 0 ben d
035 ## - SYSTEM CONTROL NUMBER
system control number (BD-JhCC)11818
040 ## - CATALOGING SOURCE
Original cataloging agency BD-JhCC
Modifying agency BD-JhCC
041 ## - LANGUAGE CODE
Language code of Book ben
082 ## - DEWEY DECIMAL CLASSIFICATION NUMBER
Classification number 297.1222
Author mark and Year ULL 2016
100 ## - MAIN ENTRY--PERSONAL NAME
Personal name উল্লাহ, মুহাম্মাদ আতীক
245 ## - TITLE STATEMENT
Title গুরফাতাম মিন হায়াত /
Statement of responsibility, etc মুহাম্মাদ আতীক উল্লাহ ।
260 ## - PUBLICATION, DISTRIBUTION, ETC. (IMPRINT)
Place of publication, distribution, etc ঢাকা:
Name of publisher, distributor, etc মাকতাবাতুল আযহার;
Date of publication, distribution, etc ২০১৬.
300 ## - PHYSICAL DESCRIPTION
Pagination 112 p. :
Dimensions 20 cm.
490 ## - SERIES STATEMENT
Series statement জীবন জাগার গল্প-১০
651 ## - SUBJECT ADDED ENTRY--GEOGRAPHIC NAME
Geographic name Islamic stories
Form subdivision Muslims
General subdivision Religious life
Chronological subdivision Islamic Empire
Geographic subdivision God (Islam)
942 ## - ADDED ENTRY ELEMENTS (KOHA)
Source of classification or shelving scheme Dewey Decimal Classification
Koha item type Books
Holdings
Source of classification or shelving scheme Damaged status Not for loan Home library Current library Shelving location Date of accession Source of acquisition Cost, normal purchase price Total Checkouts Full call number Barcode Date last seen Copy number Koha item type
Dewey Decimal Classification     JCC Rouf Library JCC Rouf Library General Stacks 11/05/2020 Lt. Gen. Mahfuzur Rahman (10th intake) 120.00   297.1222 ULL 2016 16172 11/05/2020 C-1 Books

JCC Library | Contacts | JCC Home

Last Update on 23 September 2017
Copyright @ 2017-2020 JCC Rouf Library
Rouf Library, Jhenidah Cadet College (JCC), Bangladesh